000 00448nam a2200181Ia 4500
008 090124s9999 xx 000 0 und d
082 _b14067
_a1656
100 _aगोरे ना.ग.
245 _a मेघदूत
250 _a1
260 _c1964
300 _a67
600 _aगोरे ना.ग.
630 _a मेघदूत
700 _aगोरे ना.ग.
730 _a मेघदूत
942 _cBOOK
999 _c128007
_d128007